|
|
|
|
| LEADER |
00000cam a2200000 4500 |
| 001 |
vtls012145716 |
| 003 |
SK-MaSNL |
| 005 |
20260301192007.0 |
| 008 |
220809s2021 xo dkolgrnp 001 0 slo |
| 015 |
|
|
|a SNBA2022/11
|
| 020 |
|
|
|a 9788055719344
|q (brožované)
|
| 040 |
|
|
|a SNK
|b slo
|c SNK
|e rda
|
| 041 |
0 |
|
|a slo
|
| 044 |
|
|
|a xo
|c SK
|
| 072 |
|
7 |
|a 549
|x Mineralógia
|2 konspekt
|
| 072 |
|
7 |
|a 37.016
|x Učebné osnovy. Vyučovacie predmety. Učebnice
|2 konspekt
|
| 080 |
|
|
|a 549
|2 2011
|
| 080 |
|
|
|a 553.3/.4
|2 2011
|
| 080 |
|
|
|a 53.086
|2 2011
|
| 080 |
|
|
|a (075.8)
|2 2011
|
| 100 |
1 |
|
|a Jeleň, Stanislav,
|d 1959-
|4 aut
|9 6976
|
| 245 |
1 |
0 |
|a Základy mikroskopie rudných minerálov
|c Stanislav Jeleň, Štefan Ferenc
|
| 250 |
|
|
|a Vydanie prvé
|
| 264 |
|
1 |
|a Banská Bystrica
|b Belianum
|c 2021
|
| 300 |
|
|
|a 255 strán
|b fotografie, grafy, ilustrácie, schémy, tabuľky
|c 30 cm
|
| 336 |
|
|
|a text
|b txt
|2 rdacontent
|
| 337 |
|
|
|a bez média
|b n
|2 rdamedia
|
| 338 |
|
|
|a zväzok
|b nc
|2 rdacarrier
|
| 366 |
|
|
|e 120 kusov
|
| 490 |
1 |
|
|a Fakulta prírodných vied
|
| 504 |
|
|
|a Bibliografia na strane 233-245 a register
|
| 650 |
0 |
7 |
|a minerály
|2 SNKPH
|9 843
|
| 650 |
0 |
7 |
|a rudné minerály
|2 SNKPH
|9 569377
|
| 650 |
0 |
7 |
|a rudy
|2 SNKPH
|9 30933
|
| 650 |
0 |
7 |
|a mikroskopia
|2 SNKPH
|9 21797
|
| 650 |
0 |
7 |
|a Minerals
|2 SNKPHeng
|9 329697
|
| 650 |
0 |
7 |
|a Ores
|2 SNKPHeng
|9 569378
|
| 650 |
0 |
7 |
|a Microscopy
|2 SNKPHeng
|9 319602
|
| 655 |
|
7 |
|a učebnice vysokých škôl
|2 SNKPH
|9 70191
|
| 655 |
|
7 |
|a Textbooks (higher)
|2 SNKPHeng
|9 276436
|
| 700 |
1 |
|
|a Ferenc, Štefan,
|d 1977-
|4 aut
|9 179235
|
| 810 |
2 |
|
|a Univerzita Mateja Bela v Banskej Bystrici.
|t Fakulta prírodných vied
|
| 852 |
|
|
|a Štátna vedecká knižnica v Banskej Bystrici
|
| 919 |
|
|
|a 978-80-557-1934-4
|
| 954 |
|
|
|a odborná, vedecká literatúra pôvodná (slovenská)
|2 lita
|
| 958 |
|
|
|a NB
|
| 999 |
|
|
|c 872849
|d 874779
|
| 952 |
|
|
|a SNK
|b SNK
|y VYP
|7 0
|p 17A1545905
|o snkSB 98424 D1
|i snk2024/5327
|8 3
|g 21.82
|0 0
|1 0
|4 0
|d 2024-04-03
|l 0
|r 2026-02-24 05:48:24
|w 2026-02-24
|
| 952 |
|
|
|a SNK
|b SNK
|y PREZ
|7 0
|p 17A1513804
|o snkSB 98424
|i snk2022/14295
|8 0
|0 0
|1 0
|4 0
|d 2022-09-19
|f 1
|l 0
|r 2025-05-19 00:00:00
|w 2026-02-24
|